Most Popular Companies - Statistics

General Stats
  • This quiz has been taken 33 times
  • The average score is 3 of 9
Answer Stats
Hint Answer % Correct
USA Apple
96%
USA Amazon
70%
USA Microsoft
48%
Japan Toyota
43%
Germany Volkswagen
30%
USA Walmart
30%
Saudi Arabia Saudi Aramco
17%
China China Petroleum
4%
China Petrochina
4%
No matching quizzes found
Score Distribution
Percent of People with Each Score
Percentile by Number Answered
Your Score History
You have not taken this quiz